Online
Catalog

Poesía : (Record no. 5804)

MARC details
000 -CABECERA
campo de control de longitud fija 00845cam a2200217 a 4500
001 - NÚMERO DE CONTROL
campo de control 000006008
005 - FECHA Y HORA DE LA ÚLTIMA TRANSACCIÓN
campo de control 20200929151901.0
008 - DATOS DE LONGITUD FIJA--INFORMACIÓN GENERAL
campo de control de longitud fija 840619s1982 cu 001 p spa
040 ## - FUENTE DE LA CATALOGACIÓN
Centro catalogador/agencia de origen DO-SdBNP
Lengua de catalogación spa
Centro/agencia transcriptor BNPHU
082 ## - NÚMERO DE LA CLASIFICACIÓN DECIMAL DEWEY
Número de clasificación M861.4
Número de documento/Ítem P391p
100 1# - ENTRADA PRINCIPAL--NOMBRE DE PERSONA
Nombre de persona Pellicer, Carlos,
Forma completa/desarrollada del nombre Carlos Pellicer Cámara
Fechas asociadas al nombre 1897-1977.
9 (RLIN) 16918
245 10 - MENCIÓN DE TÍTULO
Título Poesía :
Resto del título y el estudio Aguas de Carlos Pellicer de José Prats Sario /
Mención de responsabilidad, etc. Carlos Pellicer ; edición Dominica Diez.
260 ## - PUBLICACIÓN, DISTRIBUCIÓN, ETC.
Lugar de publicación, distribución, etc. La Habana :
Nombre del editor, distribuidor, etc. Casa de las Américas,
Fecha de publicación, distribución, etc. 1982.
300 ## - DESCRIPCIÓN FÍSICA
Extensión ix, 480 p. ;
Dimensiones 19 cm.
490 1# - MENCIÓN DE SERIE
Mención de serie Literatura latinoaméricana
Designación de volumen o secuencia 108
650 #4 - PUNTO DE ACCESO ADICIONAL DE MATERIA--TÉRMINO DE MATERIA
Término de materia o nombre geográfico como elemento de entrada Poesía mexicana
9 (RLIN) 9120
650 #4 - PUNTO DE ACCESO ADICIONAL DE MATERIA--TÉRMINO DE MATERIA
Término de materia o nombre geográfico como elemento de entrada Literatura mexicana
Subdivisión cronológica SIGLO XX
9 (RLIN) 9216
700 1# - PUNTO DE ACCESO ADICIONAL--NOMBRE DE PERSONA
Nombre de persona Prats Sariol, José,
Fechas asociadas al nombre 1946-
Título de la obra Aguas de Carlos Pellicer.
9 (RLIN) 16919
700 1# - PUNTO DE ACCESO ADICIONAL--NOMBRE DE PERSONA
Nombre de persona Diez, Dominica,
Término indicativo de función/relación ed.
9 (RLIN) 14421
830 #0 - PUNTO DE ACCESO ADICIONAL DE SERIE-TÍTULO UNIFORME
Título uniforme Literatura latinoaméricana
Designación de volumen o secuencia 108
9 (RLIN) 500
Holdings
Estado de retiro Estado de pérdida Restricciones de uso No para préstamo Código de colección Localización permanente Ubicación/localización actual Ubicación en estantería Fecha de adquisición Número de inventario Total de préstamos Signatura topográfica completa Código de barras Fecha visto por última vez Precio válido a partir de Tipo de ítem Koha
    Préstamo interno   Monografías: Libros y Folletos General General En catalogación 25.08.2009 LF1   M861.4 P391p 6008-10 25.06.2020 25.06.2020 Préstamo interno

Powered by Koha